Агнец (Запис № 459653)
[ простий вигляд ]
| 000 -Лідер | |
|---|---|
| fixed length control field | 03031 a2200253 4500 |
| 003 - Ідентифікатор контрольного номера | |
| control field | UA-OsUOA |
| 005 - Дата та час останнього входження (трансакції) | |
| control field | 20200909093536.0 |
| 008 - Елементи даних фіксованої довжини – загальна інформація | |
| fixed length control field | 200625b un ||||| |||| 00| 0 rus d |
| 020 ## - Міжнародний стандартний книжковий номер (ISBN) | |
| Міжнародний стандартний книжковий номер (ISBN) (НП) | 5864713422 |
| 040 ## - Джерело каталогізації | |
| Агенція оригінальної каталогізації | UA-OsUOA |
| Мова каталогізації | ukr |
| Агенція, яка здійснювала перезапис | UA-OsUOA |
| Агенція, яка здійснювала модифікацію | UA-OsUOA |
| 041 ## - Код мови | |
| Код мови тексту/ звукової доріжки чи окремого заголовка (П) | rus |
| 080 ## - Індекс Універсальної десяткової класифікації | |
| Індекс Універсальної десяткової класифікації (УДК) (НП) | 821.161.2(410) |
| 090 ## - Локальний шифр розміщення | |
| Класифікаційний індекс УДК | 821.161.2(410) |
| Авторський знак (НП) | М91 |
| 100 ## - Основне введення – ім’я особи | |
| Ім’я особи (НП) | Мур К. |
| 245 ## - Відомості про назву | |
| Назва (НП) | Агнец |
| Решта назви (НП) | Евангелие от Шмяка, друга детства Иисуса Христа |
| Дані про відповідальність (НП) | Кристофер Мур ; пер. с англ. Максима Немцова |
| 260 ## - Публікація, розповсюдження і т.п. (Вихідні дані) | |
| Ім’я/ наймення видавництва, розповсюджувача і т.п. (П) | Фантом Пресс |
| Дата публікації, розповсюдження і т.п. (П) | 2004 |
| Місце публікації, розповсюдження і т.п. (П) | Москва |
| 300 ## - Фізичний опис | |
| Обсяг | 640 с. |
| 520 ## - Резюме і т.п. | |
| Резюме, реферат, анотація, тощо (НП) | У большинства людей есть друзья детства. Иисус Христос некогда тоже был человеком, и друг детства у него имелся — по прозванью Шмяк. Что очень кстати, ибо детство и юность Сына Божьего окутаны мраком. Точнее, были окутаны — до того момента, как силы небесные решили вернуть Шмяка на землю, дабы он написал правдивую историю первых тридцати трех лет жизни своего божественного друга.<br/><br/>С младенчества Джошуа (более известный как Иисус) знал, что избран и что папа у него не из рядовых. Не знал юный Мессия другого — почему избран именно он и зачем избран. Решив прояснить это, Джошуа и Шмяк отправляются в края, где все вопросы получают ответы и поныне, — на восток. Во время странствий каждый занимается тем, что ему ближе: Сын Божий постигает глубины Духа, а добрый малый Шмяк — извивы плоти. Но оба приходят к одинаковому выводу — толика любви людям не помешает.<br/><br/>«Агнец» — роман воспитания, умная сатира, но, прежде всего, это сказка с неизвестным сюжетом и известным концом. Желающие найти в книге кощунство, разумеется, найдут его, остальные же насладятся фантазией и юмором Кристофера Мура, а быть может, и попытаются возлюбить ближнего своего. |
| 650 ## - Додаткове предметне введення – тематичний термін | |
| Джерело заголовка чи терміна | UDC |
| Тематичний термін чи географічна назва, як елемент введення (НП) | 821 Художня література |
| 700 1# - Додаткове введення – ім'я особи | |
| Ім’я особи (НП) | Немцов М. |
| Термін відношення | пер. с англ. |
| 942 ## - Додаткові елементи входу (Коха) | |
| Тип елемента Koha | Книги |
| Source of classification or shelving scheme | Universal Decimal Classification |
| 955 ## - Код типу видання за змістом | |
| Код типу видання за змістом (НП) | Літературно-художні видання |
| Стан вилучень | Стан втрат | Джерело класифікації або схеми стелажів | Стан уражень | Не для кредиту | Код колекції | Постійне місце розташування | Поточне розміщення | Дата придбання | Джерело придбання | Вартість, звичайна ціна покупки | Усього замовленно | Повний номер виклику | Штрих-код | Дата останнього перегляду | Вартість, ціна заміни | Ціна ефективна від | Тип елемента Koha |
|---|---|---|---|---|---|---|---|---|---|---|---|---|---|---|---|---|---|
| Universal Decimal Classification | Колекція Жулинського М.Г. | ЧЗ - Читальна зала | ЧЗ - Читальна зала | 25/06/2020 | №13/24.06.20 | 45.00 | 821.161.2(410) М91 | 162587 | 06/02/2022 | 45.00 | 25/06/2020 | Книги |